Brain function and malnutrition : (Record no. 18)

MARC details
000 -LEADER
fixed length control field 01902cam a2200421 i 4500
005 - DATE AND TIME OF LATEST TRANSACTION
control field 20260322212003.0
008 - FIXED-LENGTH DATA ELEMENTS--GENERAL INFORMATION
fixed length control field data
010 ## - LIBRARY OF CONGRESS CONTROL NUMBER
LC control number 74026971 //r852
020 ## - INTERNATIONAL STANDARD BOOK NUMBER
International Standard Book Number 0471696730
020 ## - INTERNATIONAL STANDARD BOOK NUMBER
International Standard Book Number 9780471696735
040 ## - CATALOGING SOURCE
Original cataloging agency DLC
Transcribing agency DLC
Modifying agency YUS
-- YUS
049 ## - LOCAL HOLDINGS (OCLC)
Holding library YU31
050 0# - LIBRARY OF CONGRESS CALL NUMBER
Classification number RJ135
Item number .B7
060 00 - NATIONAL LIBRARY OF MEDICINE CALL NUMBER
Classification number WL 300
Item number B813 1969
001 - CONTROL NUMBER
control field data
245 00 - TITLE STATEMENT
Title Brain function and malnutrition :
Remainder of title neuropsychological methods of assessment /
Statement of responsibility, etc. edited by James W. Prescott ... [et al.].
260 ## - PUBLICATION, DISTRIBUTION, ETC.
Place of publication, distribution, etc. New York :
Name of publisher, distributor, etc. Wiley,
Date of publication, distribution, etc. [1975]
300 ## - PHYSICAL DESCRIPTION
Extent xi, 449 p. :
Other physical details ill. ;
Dimensions 26 cm.
440 #2 - SERIES STATEMENT/ADDED ENTRY--TITLE
Title A Wiley biomedical-health publication
500 ## - GENERAL NOTE
General note "Based on papers first presented at a conference jointly sponsored by the National Institute of Child Health and Human Development and the U.S.-Japan Cooperative Medical Science Program."
504 ## - BIBLIOGRAPHY, ETC. NOTE
Bibliography, etc. note Includes bibliographical references and index.
590 ## - LOCAL NOTE (RLIN)
Local note Based on papers presented at a conference sponsored by the National Institute of child Health and Human Development and the U. S. - Japan Cooperative Medical Science Program, and held at Palo Alto, Calif., June 22-27 1969.
650 #0 - SUBJECT ADDED ENTRY--TOPICAL TERM
Topical term or geographic name entry element Child development deviations
Form subdivision Congresses.
650 #0 - SUBJECT ADDED ENTRY--TOPICAL TERM
Topical term or geographic name entry element Intellect
General subdivision Nutritional aspects
Form subdivision Congresses.
650 #0 - SUBJECT ADDED ENTRY--TOPICAL TERM
Topical term or geographic name entry element Malnutrition
Form subdivision Congresses.
650 #0 - SUBJECT ADDED ENTRY--TOPICAL TERM
Topical term or geographic name entry element Children
General subdivision Intelligence levels
Form subdivision Congresses.
650 #0 - SUBJECT ADDED ENTRY--TOPICAL TERM
Topical term or geographic name entry element Neuropsychological tests.
650 #2 - SUBJECT ADDED ENTRY--TOPICAL TERM
Topical term or geographic name entry element Brain
General subdivision growth & development
Form subdivision Congresses.
650 #2 - SUBJECT ADDED ENTRY--TOPICAL TERM
Topical term or geographic name entry element Brain
General subdivision physiology
Form subdivision Congresses.
650 #2 - SUBJECT ADDED ENTRY--TOPICAL TERM
Topical term or geographic name entry element Developmental Disabilities
Form subdivision Congresses.
650 #2 - SUBJECT ADDED ENTRY--TOPICAL TERM
Topical term or geographic name entry element Electroencephalography
Form subdivision Congresses.
650 #2 - SUBJECT ADDED ENTRY--TOPICAL TERM
Topical term or geographic name entry element Nutrition Disorders
General subdivision complications
Form subdivision Congresses.
700 1# - ADDED ENTRY--PERSONAL NAME
Personal name Prescott, James W.
700 1# - ADDED ENTRY--PERSONAL NAME
Personal name Read, Merrill S.
700 1# - ADDED ENTRY--PERSONAL NAME
Personal name Coursin, David Baird.
710 2# - ADDED ENTRY--CORPORATE NAME
Corporate name or jurisdiction name as entry element National Institute of Child Health and Human Development (U.S.)
710 2# - ADDED ENTRY--CORPORATE NAME
Corporate name or jurisdiction name as entry element United States-Japan Cooperative Medical Science Program.
Holdings
Withdrawn status Lost status Damaged status Not for loan Home library Current library Shelving location Date acquired Total checkouts Full call number Barcode Date last seen Price effective from Koha item type
        Riverside Riverside General stacks 22/03/2026   RJ135 .B7 BC0010018 22/03/2026 22/03/2026 Books